Maulana Azad's contribution to education, (Record no. 81044)
[ view plain ]
| 000 -LEADER | |
|---|---|
| fixed length control field | 00654cam a22002051 4500 |
| 001 - CONTROL NUMBER | |
| control field | sa 68005991 |
| 003 - CONTROL NUMBER IDENTIFIER | |
| control field | DLC |
| 005 - DATE AND TIME OF LATEST TRANSACTION | |
| control field | 20260227112512.0 |
| 008 - FIXED-LENGTH DATA ELEMENTS--GENERAL INFORMATION | |
| fixed length control field | 711028s1961 ii b 00010 eng |
| 010 ## - LIBRARY OF CONGRESS CONTROL NUMBER | |
| LC control number | sa 68005991 //r89 |
| 050 0# - LIBRARY OF CONGRESS CALL NUMBER | |
| Classification number | LB775 |
| Item number | .A9 |
| 100 10 - MAIN ENTRY--PERSONAL NAME | |
| Personal name | Saiyidain, Khwaja Ghulam, |
| Dates associated with a name | 1904- |
| 245 10 - TITLE STATEMENT | |
| Title | Maulana Azad's contribution to education, |
| Statement of responsibility, etc. | by K. G. Saiyidain. |
| 250 ## - EDITION STATEMENT | |
| Edition statement | [1st ed. |
| 260 0# - PUBLICATION, DISTRIBUTION, ETC. | |
| Place of publication, distribution, etc. | Baroda] |
| Name of publisher, distributor, etc. | Maharaja Sayajirao University of Baroda |
| Date of publication, distribution, etc. | [1961] |
| 300 ## - PHYSICAL DESCRIPTION | |
| Extent | 49 p. |
| Dimensions | 25 cm. |
| 440 #4 - SERIES STATEMENT/ADDED ENTRY--TITLE | |
| Title | The Maharaja Sayajirao memorial lectures, |
| Volume/sequential designation | 1960-61 |
| 504 ## - BIBLIOGRAPHY, ETC. NOTE | |
| Bibliography, etc. note | Bibliographical footnotes. |
| 600 10 - SUBJECT ADDED ENTRY--PERSONAL NAME | |
| Personal name | Āzād, Abūlkalām, |
| Dates associated with a name | 1888-1958. |
No items available.